LIBRARY & INFORMATION CENTRE, KCAET, TAVANUR

ONLINE PUBLIC ACCESS CATALOGUE (OPAC)

A hydro - geophysical investigation of groundwater potential (Record no. 15162)

MARC details
000 -LEADER
fixed length control field 00716nam a22002057a 4500
003 - CONTROL NUMBER IDENTIFIER
control field OSt
088 ## - REPORT NUMBER
Report number P 272
100 ## - MAIN ENTRY--AUTHOR NAME
Personal name RITU PREM
245 ## - TITLE STATEMENT
Title A hydro - geophysical investigation of groundwater potential
260 ## - PUBLICATION, DISTRIBUTION, ETC. (IMPRINT)
Place of publication Tavanur 2013
Name of publisher Department of Land and Water Resources & Conservation Engineering
300 ## - PHYSICAL DESCRIPTION
Number of Pages 51
500 ## - GENERAL NOTE
General note A hydro - geophysical investigation of groundwater potential
520 ## - SUMMARY, ETC.
Summary, etc A hydro - geophysical investigation of groundwater potential
700 ## - ADDED ENTRY--PERSONAL NAME
Personal name Shazna K
700 ## - ADDED ENTRY--PERSONAL NAME
Personal name Sheeja P. S
700 ## - ADDED ENTRY--PERSONAL NAME
Personal name Dr. Kurien E. K (Guide)
856 ## - ELECTRONIC LOCATION AND ACCESS
Uniform Resource Identifier https://drive.google.com/open?id=16OFh0TZgwdL9X2w8g4O9HOnWVu00aL20
942 ## - ADDED ENTRY ELEMENTS (KOHA)
Koha item type Project Report
Holdings
Collection code Home library Current library Shelving location Full call number Accession Number Koha item type
Reference KAUAET KAUAET Reference 631.75807 RIT/A P 272 Project Report
free website counter